| 000 | 00808nam a22002057a 4500 | ||
|---|---|---|---|
| 999 |
_c18938 _d18938 |
||
| 003 | AR-CdUCM | ||
| 008 | 190515b ||||| |||| 00| 0 spa d | ||
| 040 |
_aMUNICIPALIDAD PROVINCIAL DEL CUSCO _cBIBLIOTECA MUNICIPAL DEL CUSCO |
||
| 082 |
_a373.38 / _bM44 |
||
| 100 |
_aMestroni, Valentín _939868 |
||
| 245 | _aTrabajo manual / | ||
| 260 |
_aBuenos Aires : _bKapelusz, _c1959. |
||
| 300 |
_aXIII, 217 páginas ; _bilustraciones, figuras, _c22.5 cm. |
||
| 505 | _aContenido: Variedad de trabajos manuales escolares -- El plegado inferior -- Primer grado superior -- Salero -- Mantel -- Roseta -- Bote doble -- Barco de vela -- Segundo grado ... | ||
| 650 |
_aTrabajos manuales _913474 |
||
| 650 |
_aManualidades _915530 |
||
| 650 |
_aAprendizaje _92143 |
||
| 942 |
_2ddc _cLIBROS |
||
| 945 |
_aachl _d2019-05-15 |
||